000 00328 a2200157 4500
001 179894
020 _a
040 _cMagnum
100 _aParent, Maju
240 1 0 _aFininha, a fofinha
_lpor
245 1 0 _aFininha, a fofinha
362 0 _a1899
440 1 _aSalamandra
697 _aMAGNITO: I/PARADIDATICO
942 _cBK
999 _c179894
_d179894